Statistiken für UEFA Champions League Teams 18/19

Klicken Sie hier um das Quiz zu spielen!

Allgemein

  • Dieses Quiz wurde 232 mal gespielt
  • Das Durchschnittsergebnis liegt bei 19 aus 32

Antwortstatistiken

HintAntwort% Korrekt
DeutschlandFC Bayern München
97%
DeutschlandBorussia Dortmund
95%
EnglandManchester City
88%
EnglandFC Liverpool
86%
SpanienReal Madrid
83%
FrankreichParis Saint-Germain
82%
SpanienFC Barcelona
81%
ItalienJuventus Turin
81%
EnglandManchester United
81%
ItalienInter Mailand
78%
DeutschlandFC Schalke 04
71%
NiederlandeAjax Amsterdam
68%
ItlaienAS Rom
68%
SpanienAtletico Madrid
68%
PortugalBenfica Lissabon
66%
PortugalFC Porto
65%
DeutschlandTSG 1899 Hoffenheim
60%
EnglandTottenham Hotspur
59%
NiederlandePSV Eindhoven
54%
ItalienSSC Neapel
53%
RusslandPFK ZSKA Moskau
49%
FrankreichOlympique Lyon
48%
FrankreichAS Monaco
44%
SpanienFC Valencia
43%
SchweizBSC Young Boys
41%
SerbienFK Roter Stern Belgrad
32%
TürkeiGalatasaray Istanbul
30%
RusslandLokomotive Moskau
30%
GriechenlandAEK Athen
26%
TschechienViktoria Pilsen
24%
BelgienFC Brügge
21%
UkraineShachtar Donezk
3%

Verteilung der Resultate

Perzentil nach korrekt beantworteten Fragen

Anzahl Personen mit jedem Resultat

Ihre Resultats-Entwicklung

Sie haben dieses Quiz noch nicht gespielt